Một số đồng nhất thức và áp dụng

Một số đồng nhất thức liên quan đến tam giác. Một số đồng nhất thức đại số

Guardat en:
Dades bibliogràfiques
Autor principal: Nguyễn Thị Diễm Thúy
Altres autors: Trịnh Đào Chiến TS. (Hướng dẫn)
Format: Llibre
Idioma:Vietnamese
Publicat: Đà Nẵng Đại học Đà Nẵng 2015
Matèries:
Etiquetes: Afegir etiqueta
Sense etiquetes, Sigues el primer a etiquetar aquest registre!
Thư viện lưu trữ: Mạng thư viện Đại học Đà Nẵng
LEADER 01548nam a2200349 4500
001 000023746
003 20199
005 20160323090337.0
008 160222s2015 viesd
041 |a vie 
082 1 4 |a 512.72  |b NG-T 
100 1 |a Nguyễn Thị Diễm Thúy 
245 1 |a Một số đồng nhất thức và áp dụng  |c Nguyễn Thị Diễm Thúy ; Trịnh Đào Chiến hướng dẫn.  |k Luận văn Thạc sĩ 
260 |a Đà Nẵng  |b Đại học Đà Nẵng  |c 2015 
300 |a 85 tr. ; phụ lục 3 tr.  |c 29 cm.  |e Tóm tắt 
500 |a Luận văn thạc sĩ Khoa học. Chuyên ngành: Phương pháp toán sơ cấp. Mã số: 60.46.01.13 
520 3 |a Một số đồng nhất thức liên quan đến tam giác. Một số đồng nhất thức đại số 
650 0 4 |a Đồng nhất thức (toán học)  |v Luận văn tốt nghiệp  |x Ứng dụng 
653 |a Phương pháp toán sơ cấp 
653 |a Đồng nhất thức (toán học) 
653 |a Giáo dục THPT 
700 1 |a Trịnh Đào Chiến  |c TS.  |e Hướng dẫn 
OWN |a LSP 
AVA |a UDN50  |b LSP  |d 512.72 NG-T  |e available  |t Error 5001 Not defined in file expand_doc_bib_avail.  |f 1  |g 0  |h N  |i 0  |k 1 
999 |a From the UDN01 
AVA |a UDN50  |b LSP  |d 512.72 NG-T  |e available  |t Error 5001 Not defined in file expand_doc_bib_avail.  |f 1  |g 0  |h N  |i 0  |k 1 
TYP |a Monograph 
TYP |a Printed language 
980 |a Mạng thư viện Đại học Đà Nẵng